MyGZULibrary

Counseling and psychotherapy today : (Record no. 4656)

MARC details
000 -LEADER
fixed length control field 01729cam a22003494a 4500
001 - CONTROL NUMBER
control field 15349677
003 - CONTROL NUMBER IDENTIFIER
control field GZU
005 - DATE AND TIME OF LATEST TRANSACTION
control field 20210317094927.0
008 - FIXED-LENGTH DATA ELEMENTS--GENERAL INFORMATION
fixed length control field 080630s2009 maua b 001 0 eng
010 ## - LIBRARY OF CONGRESS CONTROL NUMBER
LC control number 2008029233
016 7# - NATIONAL BIBLIOGRAPHIC AGENCY CONTROL NUMBER
Record control number 101478455
Source DNLM
020 ## - INTERNATIONAL STANDARD BOOK NUMBER
International Standard Book Number 9780073112251 (alk. paper)
020 ## - INTERNATIONAL STANDARD BOOK NUMBER
International Standard Book Number 0073112259 (alk. paper)
035 ## - SYSTEM CONTROL NUMBER
System control number (OCoLC)233678677
035 ## - SYSTEM CONTROL NUMBER
System control number (OCoLC)ocn233678677
040 ## - CATALOGING SOURCE
Original cataloging agency DNLM/DLC
Transcribing agency DLC
Modifying agency NLM
-- C#P
-- CDX
-- BWX
-- DLC
042 ## - AUTHENTICATION CODE
Authentication code pcc
050 00 - LIBRARY OF CONGRESS CALL NUMBER
Classification number RC480
Item number .AUS 2009
100 1# - MAIN ENTRY--PERSONAL NAME
Personal name Austad, Carol Shaw.
Relator term author
245 10 - TITLE STATEMENT
Title Counseling and psychotherapy today :
Remainder of title theory, practice, and research /
Statement of responsibility, etc. Carol Shaw Austad.
260 ## - PUBLICATION, DISTRIBUTION, ETC.
Place of publication, distribution, etc. Boston :
Name of publisher, distributor, etc. McGraw-Hill Higher Education,
Date of publication, distribution, etc. c2009.
300 ## - PHYSICAL DESCRIPTION
Extent xviii, 541 p. :
Other physical details col. ill. ;
Dimensions 24 cm.
504 ## - BIBLIOGRAPHY, ETC. NOTE
Bibliography, etc. note Includes bibliographical references (p. 474-509) and indexes.
505 0# - FORMATTED CONTENTS NOTE
Formatted contents note The state of psychotherapy and counseling today : changing theory, practice, and research -- Professionalism, ethics, and legal issues in psychotherapy -- Freud's classical psychoanalysis -- Psychodynamic therapy after Freud -- Adler's individual psychology -- Rogers's client-centered therapy -- Existential therapy -- Gestalt therapy -- Behavior therapy -- Cognitive therapy -- Reality therapy -- Feminist therapy -- Biopsychosocial therapy and health psychology -- Psychopharmacology -- Eclectic and other psychotherapies.
650 #0 - SUBJECT ADDED ENTRY--TOPICAL TERM
Topical term or geographic name entry element Psychotherapy
Form subdivision Textbooks.
650 #0 - SUBJECT ADDED ENTRY--TOPICAL TERM
Topical term or geographic name entry element Counseling
Form subdivision Textbooks.
650 12 - SUBJECT ADDED ENTRY--TOPICAL TERM
Topical term or geographic name entry element Psychotherapy
General subdivision methods.
650 22 - SUBJECT ADDED ENTRY--TOPICAL TERM
Topical term or geographic name entry element Counseling
General subdivision methods.
856 41 - ELECTRONIC LOCATION AND ACCESS
Materials specified Table of contents only
Uniform Resource Identifier <a href="http://www.loc.gov/catdir/toc/ecip0822/2008029233.html">http://www.loc.gov/catdir/toc/ecip0822/2008029233.html</a>
906 ## - LOCAL DATA ELEMENT F, LDF (RLIN)
a 7
b cbc
c orignew
d 1
e ecip
f 20
g y-gencatlg
942 ## - ADDED ENTRY ELEMENTS (KOHA)
Source of classification or shelving scheme Library of Congress Classification
Koha item type Books
Classification part 480
Item part AUS
Call number prefix RC
Holdings
Withdrawn status Lost status Source of classification or shelving scheme Damaged status Not for loan Collection code Home library Current library Shelving location Date acquired Inventory number Total Checkouts Full call number Barcode Date last seen Date last checked out Copy number Price effective from Koha item type Total Renewals
    Library of Congress Classification     Non-fiction City Campus Library City Campus Library General Stacks 03/17/2021 9685 2 RC480 AUS 2009 004269 06/08/2023 06/01/2023 c.1 03/17/2021 Books  
    Library of Congress Classification     Non-fiction City Campus Library City Campus Library General Stacks 03/17/2021 9678 3 RC480 AUS 2009 B0170610 06/02/2023 05/29/2023 c.1 03/17/2021 Books  
    Library of Congress Classification     Non-fiction City Campus Library City Campus Library General Stacks 03/17/2021 9689 2 RC480 AUS 2009 004342 06/12/2023 06/06/2023 c. 3 03/17/2021 Books  
    Library of Congress Classification     Non-fiction City Campus Library City Campus Library General Stacks 03/17/2021 9684 1 RC480 AUS 2009 B017057 06/12/2023 05/30/2023 c. 4 03/17/2021 Books 2